[Event "Konnerud Tempo høstturnering 2024 C"]
[Site "Gruppe A"]
[Date "2024.08.14"]
[Round "1"]
[White "Kierulf, Nåkkve"]
[Black "Pedersen, Bastian Tangedal"]
[Result "0-1"]
[WhiteElo "1649"]
[BlackElo "1595"]
[Annotator "haav-"]
[PlyCount "66"]
[GameId "2091259742970003"]
[EventDate "2024.??.??"]

1. d4 d5 2. Nc3 Nf6 3. Bf4 c6 4. e3 Bf5 5. f3 e6 6. g4 Bg6 7. h4 h5 8. g5 Ng8 9. Bd3 Bd6 10. Bxg6 fxg6 11. Nge2 Ne7 12. Qd3 Qc7 13. O-O-O Nd7 14. Bxd6 Qxd6 15. e4 Rf8 16. e5 Qc7 17. Rdf1 O-O-O 18. Qd2 Nf5 19. Rh3 Nb6 20. Nf4 Qf7 21. b3 Nxd4 22. Nxg6 Nxb3+ 23. axb3 Qxg6 24. Ne2 Qf5 25. Rhh1 Qxe5 26. Nd4 Rf4 27. c3 Re8 28. Re1 Qd6 29. Kb2 e5 30. Qd3 Ref8 31. Nc2 Rxf3 32. Qe2 e4 33. Nd4 Rf2
0-1

[Event "Konnerud Tempo høstturnering 2024 C"]
[Site "Gruppe A"]
[Date "2024.08.14"]
[Round "1"]
[White "Aure, Håvard"]
[Black "Asanov, Remzi"]
[Result "1-0"]
[WhiteElo "1607"]
[BlackElo "1561"]
[PlyCount "33"]
[GameId "2086149245927487"]
[EventDate "2024.??.??"]

1. c4 e5 2. Nc3 a6 3. g3 Nf6 4. Bg2 Nc6 5. e4 Bc5 6. Nge2 d6 7. O-O Be6 8. b3 Qd7 9. Nd5 Bxd5 10. exd5 Nd4 11. Bb2 Nxe2+ 12. Qxe2 h5 13. d4 Bb6 14. dxe5 dxe5 15. Qxe5+ Kd8 16. Qg5 Kc8 17. Qxg7
1-0

[Event "Konnerud Tempo høstturnering 2024 C"]
[Site "Gruppe A"]
[Date "2024.08.14"]
[Round "1"]
[White "Hagen, Bjørn Stian"]
[Black "Rybakken, Erik"]
[Result "0-1"]
[WhiteElo "1519"]
[BlackElo "1524"]
[PlyCount "28"]
[GameId "2086165490569263"]
[EventDate "2024.??.??"]

1. e4 e5 2. Nf3 Nf6 3. Nc3 Nc6 4. Bc4 Nxe4 5. Nxe4 d5 6. Bb5 dxe4 7. Nxe5 Qd5 8. Nxc6 Qxb5 9. Nd4 Qg5 10. Rg1 Qe5 11. Ne2 Qxh2 12. d4 Bg4 13. Rf1 Qxg2 14. Be3 Qf3
0-1

[Event "Konnerud Tempo høstturnering 2024 C"]
[Site "Gruppe A"]
[Date "2024.08.14"]
[Round "1"]
[White "Bouchrak, Ismael Labzioui"]
[Black "Løvaas, Roger"]
[Result "1/2-1/2"]
[WhiteElo "1649"]
[BlackElo "1660"]
[PlyCount "38"]
[GameId "2078577298669627"]
[EventDate "2024.??.??"]

1. e4 e5 2. Nf3 Nc6 3. Bc4 Bc5 4. Nc3 Nf6 5. d3 d6 6. Be3 Nd4 7. Bxd4 exd4 8. Ne2 Bb4+ 9. c3 Ba5 10. Nfxd4 Ng4 11. Qa4+ c6 12. Qd1 Qh4 13. g3 Qf6 14. O-O Qh6 15. h4 g5 16. Nf5 Bxf5 17. exf5 gxh4 18. Nf4 hxg3 19. Qxg4 Qh2#
1/2-1/2

[Event "Konnerud Tempo høstturnering 2024 C"]
[Site "Gruppe A"]
[Date "2024.08.14"]
[Round "1"]
[White "Lindkjølen, Mats"]
[Black "Andersson, Øivind"]
[Result "1-0"]
[WhiteElo "1581"]
[BlackElo "1662"]
[PlyCount "110"]
[GameId "2078961055973406"]
[EventDate "2024.??.??"]

1. e4 c5 2. c3 e6 3. d4 cxd4 4. cxd4 Nc6 5. Nc3 Qb6 6. Nf3 d5 7. exd5 exd5 8. Nxd5 Qa5+ 9. Nc3 Bb4 10. d5 Bxc3+ 11. bxc3 Nce7 12. d6 Nc6 13. Be2 Qxc3+ 14. Bd2 Qf6 15. Be3 Bd7 16. O-O Nh6 17. Rb1 b6 18. Qd5 O-O 19. Bb5 Rac8 20. Rfc1 Be6 21. Qd2 Bd7 22. Bxc6 Bxc6 23. d7 Rcd8 24. Bg5 Rxd7 25. Bxf6 Rxd2 26. Nxd2 Bd5 27. Bd4 Nf5 28. Be3 Re8 29. Rb4 h6 30. Nf1 Re7 31. a4 Rb7 32. Ng3 Nxe3 33. fxe3 Be6 34. Kf2 Bd7 35. Ne4 a5 36. Rd4 Be6 37. Nd6 Rb8 38. Rc7 Bb3 39. Rxf7 Bxf7 40. Nxf7 Kxf7 41. Rd7+ Kg6 42. e4 b5 43. axb5 Rxb5 44. Ra7 Kf6 45. Kf3 h5 46. h4 g5 47. hxg5+ Rxg5 48. Ra6+ Kg7 49. g3 Kf7 50. Kf4 Rb5 51. e5 Ke7 52. Kf5 Rc5 53. Ra7+ Ke8 54. Kf6 Rd5 55. Ke6 Kd8
1-0

[Event "Konnerud Tempo høstturnering 2024 C"]
[Site "Gruppe A"]
[Date "2024.08.14"]
[Round "2"]
[White "Kierulf, Nåkkve"]
[Black "Aure, Håvard"]
[Result "1-0"]
[WhiteElo "1649"]
[BlackElo "1607"]
[PlyCount "61"]
[GameId "2081418950906008"]
[EventDate "2024.??.??"]

1. d4 Nf6 2. Nc3 e6 3. Bf4 Bb4 4. e3 O-O 5. Bd3 Nd5 6. Nge2 Qf6 7. O-O Nxf4 8. Nxf4 d5 9. Qf3 Bd6 10. Nb5 a6 11. Nxd6 cxd6 12. c3 Bd7 13. Rfe1 Bc6 14. Qh3 h6 15. c4 dxc4 16. Bxc4 d5 17. Bd3 Nd7 18. Rac1 Rad8 19. Bxa6 e5 20. dxe5 Nxe5 21. Be2 d4 22. exd4 Rxd4 23. Nh5 Qg5 24. Ng3 Bd7 25. Qh5 Qf6 26. Bb5 Rd2 27. Re2 Rxe2 28. Qxe2 Nc6 29. a4 Re8 30. Qd3 Qd4 31. Qxd4
1-0

[Event "Konnerud Tempo høstturnering 2024 C"]
[Site "Gruppe A"]
[Date "2024.08.14"]
[Round "2"]
[White "Asanov, Remzi"]
[Black "Hagen, Bjørn Stian"]
[Result "0-1"]
[WhiteElo "1561"]
[BlackElo "1519"]
[PlyCount "122"]
[GameId "2081432304926910"]
[EventDate "2024.??.??"]

1. e4 c5 2. Nf3 Nc6 3. Bc4 g6 4. c3 Nf6 5. d3 Bg7 6. e5 Ng4 7. Bxf7+ Kxf7 8. Ng5+ Ke8 9. Qxg4 Nxe5 10. Qe4 d5 11. Qe2 Bf5 12. d4 Nd3+ 13. Kd1 c4 14. Be3 Qb6 15. Bc1 Bh6 16. h4 Bg7 17. f3 h6 18. Nh3 Bxh3 19. Rxh3 Rf8 20. Rg3 Kd7 21. Rg4 e5 22. Na3 exd4 23. Kc2 Rae8 24. Qd2 Re1 25. g3 Rfe8 26. Nxc4 dxc4 27. Re4 Rxc1+ 28. Rxc1 Qxb2+ 29. Kd1 Nf2+ 30. Ke2 Rxe4+ 31. fxe4 Qxd2+ 32. Kxd2 Nxe4+ 33. Ke1 dxc3 34. g4 Ke6 35. Ke2 Kd5 36. Ke3 Bd4+ 37. Ke2 Ke5 38. Rb1 b6 39. h5 gxh5 40. Rb5+ Nc5 41. gxh5 Ke4 42. Rb1 Ne6 43. Rh1 b5 44. Rh4+ Nf4+ 45. Kd1 Be3 46. Kc2 Kf5 47. Kxc3 Kg5 48. Rh2 Nxh5 49. Kb4 Nf4 50. Kxb5 c3 51. Kc4 Bd2 52. Kb3 a5 53. Rh1 h5 54. Kc2 h4 55. Rb1 h3 56. Rb5+ Kg4 57. Rxa5 h2 58. Ra8 h1=Q 59. Rg8+ Kf3 60. a4 Qc1+ 61. Kb3 Qb2+
0-1

[Event "Konnerud Tempo høstturnering 2024 C"]
[Site "Gruppe A"]
[Date "2024.08.14"]
[Round "2"]
[White "Rybakken, Erik"]
[Black "Lindkjølen, Mats"]
[Result "0-1"]
[WhiteElo "1524"]
[BlackElo "1581"]
[PlyCount "81"]
[GameId "2081438150545644"]
[EventDate "2024.??.??"]

1. d4 Nf6 2. Nc3 g6 3. e4 d6 4. Nf3 Bg4 5. Bc4 Bg7 6. h3 Bxf3 7. Qxf3 O-O 8. e5 dxe5 9. dxe5 Nfd7 10. Qxb7 Nb6 11. Nd5 N8d7 12. Bg5 Nxc4 13. Nxe7+ Kh8 14. Nxg6+ hxg6 15. Bxd8 Raxd8 16. f4 Ne3 17. Qe4 Nf5 18. Rh2 Nc5 19. Qc4 Ne6 20. c3 Rd7 21. g4 Ne3 22. Qe4 Nd5 23. f5 Ng5 24. Qe2 Bxe5 25. Rh1 Re8 26. Kf1 Nf4 27. Qb5 Rde7 28. h4 Nf3 29. Kf2 Bd6 30. Kxf3 Re3+ 31. Kf2 Nd3+ 32. Kf1 Rf3+ 33. Kg2 Rg3+ 34. Kf1 Rf3+ 35. Kg1 Bc5+ 36. Qxc5 Nxc5 37. Kg2 Ree3 38. fxg6 fxg6 39. g5 Ne4 40. h5 Rf2+ 41. Kg1
0-1

[Event "Konnerud Tempo høstturnering 2024 C"]
[Site "Gruppe A"]
[Date "2024.08.14"]
[Round "2"]
[White "Andersson, Øivind"]
[Black "Bouchrak, Ismael Labzioui"]
[Result "0-1"]
[WhiteElo "1662"]
[BlackElo "1649"]
[PlyCount "115"]
[GameId "2081424073183268"]
[EventDate "2024.??.??"]

1. e4 e5 2. Nf3 Nc6 3. c3 Nf6 4. Qc2 d6 5. d4 a6 6. d5 Ne7 7. c4 Ng6 8. g3 Be7 9. Bg2 h6 10. Nc3 Bd7 11. Bd2 Rb8 12. a4 c6 13. Qd3 Nh7 14. h4 O-O 15. b4 f5 16. a5 f4 17. O-O-O c5 18. Na2 b6 19. Bh3 Bxh3 20. Rxh3 Qd7 21. Rdh1 bxa5 22. h5 Nh8 23. bxc5 Qa4 24. Qc2 Qxc2+ 25. Kxc2 dxc5 26. Nxe5 Rb7 27. Nc6 fxg3 28. fxg3 Rf2 29. R1h2 Rxh2 30. Rxh2 Ng5 31. e5 Nf3 32. Rf2 Nxd2 33. Rxd2 Bg5 34. Re2 Nf7 35. e6 Nd6 36. Nxa5 Rb8 37. g4 Bf6 38. Nc3 Kf8 39. Kd3 Rb4 40. Ne4 Nxe4 41. Rxe4 Rb1 42. Ke2 Ke7 43. Rf4 Ra1 44. Nb7 a5 45. Nxc5 a4 46. Rf1 Ra2+ 47. Kd3 a3 48. Rb1 Rg2 49. Nb3 a2 50. Re1 Rg3+ 51. Re3 Rxe3+ 52. Kxe3 a1=Q 53. Nxa1 Bxa1 54. c5 Bf6 55. Ke4 Bc3 56. Kf5 Bd4 57. d6+ Ke8 58. c6
0-1

[Event "Konnerud Tempo høstturnering 2024 C"]
[Site "Gruppe A"]
[Date "2024.08.14"]
[Round "2"]
[White "Løvaas, Roger"]
[Black "Kristung, Aleksander"]
[Result "1-0"]
[WhiteElo "1660"]
[BlackElo "1615"]
[PlyCount "39"]
[GameId "2081417337917566"]
[EventDate "2024.??.??"]

1. d4 e6 2. Bf4 Nf6 3. Nf3 Nc6 4. e3 Nd5 5. Bg3 a6 6. c4 Nb6 7. a3 d5 8. c5 Nd7 9. Nc3 Be7 10. Bd3 Bf6 11. Qc2 Nf8 12. O-O Ng6 13. Rad1 Bd7 14. Rfe1 Nh4 15. Bxh4 Bxh4 16. e4 Qf6 17. exd5 Nxd4 18. Nxd4 Qxd4 19. dxe6 fxe6 20. Bg6+
1-0

[Event "Konnerud Tempo høstturnering 2024 C"]
[Site "Gruppe A"]
[Date "2024.08.14"]
[Round "2"]
[White "Pedersen, Bastian Tangedal"]
[Black "Olsen, Elliot Giverholt"]
[Result "0-1"]
[WhiteElo "1595"]
[BlackElo "1605"]
[Annotator "haav-"]
[PlyCount "86"]
[GameId "2081140583506078"]
[EventDate "2024.??.??"]

1. e4 e5 2. Nc3 Nc6 3. Bc4 Bc5 4. Qg4 g6 5. Qf3 Qf6 6. Nd5 Qxf3 7. Nxf3 Bb6 8. Ng5 Nd8 9. d3 c6 10. Nxb6 axb6 11. f4 f6 12. Nf3 d6 13. O-O Be6 14. Bxe6 Nxe6 15. Be3 exf4 16. Bxb6 c5 17. a4 Ne7 18. d4 Ra6 19. dxc5 dxc5 20. a5 Nc6 21. c3 O-O 22. Rfd1 Rf7 23. Rd6 Re7 24. Kf2 Kf7 25. Ne1 Ng5 26. Rd5 Nxe4+ 27. Kf3 g5 28. Bxc5 Nxc5 29. Rxc5 Ne5+ 30. Kf2 Ng4+ 31. Kg1 Rae6 32. Nf3 Re2 33. Kf1 Rf2+ 34. Kg1 Rxb2 35. Re1 Rxe1+ 36. Nxe1 Rb1 37. Kf1 Nxh2+ 38. Ke2 Rb2+ 39. Kd3 Ng4 40. Ke4 Re2+ 41. Kf3 Rxe1 42. Kxg4 Kg6 43. Rb5 Re3
0-1

[Event "Konnerud Tempo høstturnering 2024 C"]
[Site "Gruppe A"]
[Date "2024.08.14"]
[Round "3"]
[White "Aure, Håvard"]
[Black "Pedersen, Bastian Tangedal"]
[Result "1-0"]
[WhiteElo "1607"]
[BlackElo "1595"]
[PlyCount "89"]
[GameId "2083649396424788"]
[EventDate "2024.??.??"]

1. c4 e5 2. Nc3 Bb4 3. g3 Bxc3 4. bxc3 d6 5. Bg2 Nf6 6. e4 O-O 7. d3 Be6 8. Nf3 Nbd7 9. O-O h6 10. Rb1 b6 11. Bb2 Nc5 12. Re1 Qc8 13. Qc2 Rb8 14. Nd2 Bh3 15. Ba3 Bxg2 16. Kxg2 Qa6 17. Bxc5 bxc5 18. Rxb8 Rxb8 19. Rb1 Rb6 20. Rb3 Nh7 21. Qb2 Ng5 22. h4 Ne6 23. Nf1 Qb7 24. Ne3 Rxb3 25. Qxb3 Qxb3 26. axb3 c6 27. Nf5 d5 28. Ne7+ Kf8 29. Nxc6 d4 30. cxd4 exd4 31. Nxa7 Nd8 32. f4 Nb7 33. Nc6 Ke8 34. b4 cxb4 35. Nxb4 Kd7 36. Kf2 Kd6 37. Ke2 h5 38. Nc2 Kc5 39. e5 g6 40. Kf3 Na5 41. g4 Nxc4 42. dxc4 Kxc4 43. Nxd4 Kxd4 44. g5 Kd3 45. f5
1-0

[Event "Konnerud Tempo høstturnering 2024 C"]
[Site "Gruppe A"]
[Date "2024.08.14"]
[Round "3"]
[White "Lindkjølen, Mats"]
[Black "Asanov, Remzi"]
[Result "0-1"]
[WhiteElo "1581"]
[BlackElo "1561"]
[PlyCount "106"]
[GameId "2083656758636948"]
[EventDate "2024.??.??"]

1. c4 e5 2. Nc3 a6 3. g3 Nc6 4. Bg2 Nf6 5. e4 Bc5 6. Nf3 d6 7. O-O Bg4 8. Qc2 Qd7 9. d3 h5 10. Bg5 Bxf3 11. Bxf3 Nh7 12. Be3 Nd4 13. Bxd4 Bxd4 14. Ne2 Bb6 15. Rfd1 Nf6 16. d4 exd4 17. Nxd4 h4 18. Nf5 hxg3 19. hxg3 O-O-O 20. e5 Ne8 21. Bg4 Kb8 22. Qe4 Qe6 23. Kg2 g6 24. Nxd6 Nxd6 25. Rxd6 Qe7 26. Rxd8+ Rxd8 27. Bf3 c6 28. Qf4 Rd4 29. Qe3 Ka7 30. Qc3 Qxe5 31. Re1 Qd6 32. b4 Qd7 33. a4 Qf5 34. a5 Rd3 35. axb6+ Kxb6 36. Qe5 Qxf3+ 37. Kg1 Qf5 38. Qxf5 gxf5 39. Re5 f4 40. g4 f3 41. g5 Rd4 42. Rf5 Rxc4 43. Rxf3 Rxb4 44. Kg2 Rg4+ 45. Rg3 Rf4 46. f3 a5 47. Rh3 a4 48. Kg3 Rd4 49. Rh2 Ka5 50. f4 b5 51. f5 a3 52. g6 fxg6 53. fxg6 Rd6
0-1

[Event "Konnerud Tempo høstturnering 2024 C"]
[Site "Gruppe A"]
[Date "2024.08.14"]
[Round "3"]
[White "Bouchrak, Ismael Labzioui"]
[Black "Rybakken, Erik"]
[Result "1-0"]
[WhiteElo "1649"]
[BlackElo "1524"]
[Annotator "haav-"]
[PlyCount "87"]
[GameId "2106501409984611"]
[EventDate "2024.??.??"]

1. d4 d5 2. c4 Nf6 3. cxd5 Nxd5 4. Nf3 Bf5 5. Nbd2 Nf6 6. Qb3 b6 7. Ng5 e6 8. e4 Qxd4 9. Ngf3 Qc5 10. exf5 Qxf5 11. Bd3 Qg4 12. O-O Bd6 13. Nc4 O-O 14. Bg5 Nd5 15. Nxd6 cxd6 16. h3 Qh5 17. Be4 Nc6 18. Bxd5 exd5 19. Qxd5 Ne5 20. Be7 Nxf3+ 21. Qxf3 Qxf3 22. gxf3 Rfe8 23. Bxd6 Re6 24. Bg3 Rae8 25. Rfd1 Rg6 26. Kh2 Rf6 27. Rd3 g5 28. Kg2 h5 29. Rd5 Rg6 30. Rad1 h4 31. Rd8 Rxd8 32. Rxd8+ Kh7 33. Be5 f6 34. Rd7+ Kh6 35. Bc3 Rg7 36. Rxg7 Kxg7 37. f4 Kg6 38. fxg5 Kxg5 39. f4+ Kf5 40. Kf3 a5 41. a4 Kg6 42. Kg4 f5+ 43. Kxh4 Kh6 44. Bd4
1-0

[Event "Konnerud Tempo høstturnering 2024 C"]
[Site "Gruppe A"]
[Date "2024.08.14"]
[Round "4"]
[White "Asanov, Remzi"]
[Black "Bouchrak, Ismael Labzioui"]
[Result "0-1"]
[WhiteElo "1561"]
[BlackElo "1649"]
[PlyCount "58"]
[GameId "2091225393164334"]
[EventDate "2024.??.??"]

1. e4 c6 2. a3 d5 3. e5 Bf5 4. d4 e6 5. Nf3 Nd7 6. Bd3 Bxd3 7. Qxd3 c5 8. c3 c4 9. Qc2 f6 10. Bf4 fxe5 11. Bxe5 Nxe5 12. Nxe5 Bd6 13. Qa4+ Ke7 14. Nf3 Qb6 15. Qc2 Nf6 16. Nbd2 Rhe8 17. O-O Kf8 18. Rae1 Re7 19. Ng5 Rae8 20. Nxh7+ Nxh7 21. Qxh7 Qxb2 22. Nf3 Bf4 23. Nh4 Bd2 24. Rb1 Qxc3 25. Ng6+ Kf7 26. Nxe7 Rxe7 27. Rxb7 Rxb7 28. h4 Bh6 29. h5 Qd3
0-1

[Event "Konnerud Tempo høstturnering 2024 C"]
[Site "Gruppe A"]
[Date "2024.08.14"]
[Round "4"]
[White "Pedersen, Bastian Tangedal"]
[Black "Løvaas, Roger"]
[Result "0-1"]
[WhiteElo "1595"]
[BlackElo "1660"]
[Annotator "haav-"]
[PlyCount "36"]
[GameId "2088723304649010"]
[EventDate "2024.??.??"]

1. e4 e5 2. Nf3 Nc6 3. Bc4 Bc5 4. Nc3 Nf6 5. d3 h6 6. O-O O-O 7. Be3 Bb6 8. Nd5 d6 9. Nxb6 axb6 10. a3 Bg4 11. Kh1 d5 12. exd5 Nxd5 13. h3 Bh5 14. g4 Bg6 15. Qe2 e4 16. dxe4 Bxe4 17. Bxh6 Re8 18. Bd2 Nd4
0-1

[Event "Konnerud Tempo høstturnering 2024 C"]
[Site "Gruppe A"]
[Date "2024.08.14"]
[Round "5"]
[White "Bouchrak, Ismael Labzioui"]
[Black "Kierulf, Nåkkve"]
[Result "0-1"]
[WhiteElo "1649"]
[BlackElo "1649"]
[Annotator "haav-"]
[PlyCount "30"]
[GameId "2098845770006595"]
[EventDate "2024.??.??"]

1. d4 Nf6 2. Nf3 b6 3. e3 Bb7 4. Bd3 e6 5. Nbd2 d5 6. Qe2 Bd6 7. O-O Ne4 8. c4 O-O 9. cxd5 exd5 10. h4 Nd7 11. Bxe4 dxe4 12. Ng5 Nf6 13. f3 exf3 14. gxf3 h6 15. Nh3 Nh5
0-1

[Event "Konnerud Tempo høstturnering 2024 C"]
[Site "Gruppe A"]
[Date "2024.08.14"]
[Round "5"]
[White "Kristung, Aleksander"]
[Black "Asanov, Remzi"]
[Result "0-1"]
[WhiteElo "1615"]
[BlackElo "1561"]
[PlyCount "74"]
[GameId "2093790298235032"]
[EventDate "2024.??.??"]

1. e4 e5 2. Nc3 Bc5 3. Bb5 Nf6 4. d3 a6 5. Ba4 O-O 6. Bg5 h6 7. Bxf6 Qxf6 8. Nf3 c6 9. Ne2 d5 10. Ng3 Bg4 11. h3 Bxf3 12. gxf3 Nd7 13. Qe2 b5 14. Bb3 Nb6 15. Nf5 Kh7 16. Rg1 g6 17. Ne3 d4 18. Ng2 Bb4+ 19. Kd1 a5 20. a3 Bd6 21. h4 a4 22. Ba2 b4 23. Bc4 bxa3 24. bxa3 Qe7 25. f4 exf4 26. Qf3 Qe5 27. Rh1 Nxc4 28. dxc4 Rae8 29. Re1 d3 30. Kd2 dxc2 31. Kxc2 Rb8 32. Ra2 Rb3 33. Ne3 Qc3+ 34. Kd1 Qd3+ 35. Kc1 Qb1+ 36. Kd2 Qxa2+ 37. Nc2 Rxf3
0-1

[Event "Konnerud Tempo høstturnering 2024 C"]
[Site "Gruppe A"]
[Date "2024.08.14"]
[Round "5"]
[White "Løvaas, Roger"]
[Black "Andersson, Øivind"]
[Result "1/2-1/2"]
[WhiteElo "1660"]
[BlackElo "1662"]
[Annotator "haav-"]
[PlyCount "110"]
[GameId "2091260922769459"]
[EventDate "2024.??.??"]

1. d4 d5 2. Bf4 e6 3. Nf3 Bd6 4. Bg3 Nf6 5. e3 Ne4 6. c4 c6 7. Nc3 Nxg3 8. hxg3 Nd7 9. Qc2 Nf6 10. Rd1 Bd7 11. e4 dxe4 12. Nxe4 Qa5+ 13. Nfd2 Nxe4 14. Qxe4 f5 15. Qb1 O-O-O 16. c5 Be7 17. b4 Qc7 18. a4 e5 19. Nf3 Be6 20. Be2 Bf6 21. dxe5 Rxd1+ 22. Qxd1 Bxe5 23. O-O Bf6 24. Qc2 g6 25. Rc1 Bd5 26. b5 Re8 27. bxc6 Bxc6 28. Bb5 Re4 29. Nd2 Rb4 30. Rb1 Be4 31. Nxe4 Rxe4 32. Rd1 Rd4 33. Rxd4 Bxd4 34. c6 bxc6 35. Qxc6 Qxc6 36. Bxc6 Kc7 37. Bd5 h6 38. Bf7 g5 39. Bg6 f4 40. gxf4 gxf4 41. Kf1 Kd6 42. Ke2 Ke5 43. Kf3 a5 44. Ke2 Kf6 45. Be8 Kg5 46. Bd7 h5 47. f3 Bg1 48. Bc8 Kh4 49. Kf1 Be3 50. Bd7 Kg3 51. Bc8 h4 52. Bd7 Bd4 53. Bc8 Bf6 54. Bd7 h3 55. Bxh3 Bc3
1/2-1/2

[Event "Konnerud Tempo høstturnering 2024 C"]
[Site "Gruppe A"]
[Date "2024.08.14"]
[Round "6"]
[White "Aure, Håvard"]
[Black "Bouchrak, Ismael Labzioui"]
[Result "0-1"]
[WhiteElo "1607"]
[BlackElo "1649"]
[PlyCount "32"]
[GameId "2093778142204053"]
[EventDate "2024.??.??"]

1. c4 e5 2. Nc3 Nc6 3. g3 Nf6 4. Bg2 Bc5 5. e3 d6 6. Nge2 Bf5 7. O-O Bd3 8. a3 Bxc4 9. Qa4 d5 10. b4 Bb6 11. Qc2 e4 12. Re1 Qd7 13. Nf4 Ne5 14. Rd1 Nf3+ 15. Kh1 Ng4 16. d3 Bb3
0-1

[Event "Konnerud Tempo høstturnering 2024 C"]
[Site "Gruppe A"]
[Date "2024.08.14"]
[Round "6"]
[White "Hagen, Bjørn Stian"]
[Black "Lindkjølen, Mats"]
[Result "1-0"]
[WhiteElo "1519"]
[BlackElo "1581"]
[Annotator "haav-"]
[PlyCount "54"]
[GameId "2093786635047003"]
[EventDate "2024.??.??"]

1. e4 c5 2. Nc3 Nc6 3. f4 e6 4. Nf3 d5 5. Bb5 Nf6 6. Bxc6+ bxc6 7. d3 Ba6 8. e5 d4 9. exf6 dxc3 10. fxg7 Bxg7 11. b3 Qe7 12. O-O O-O-O 13. Be3 f5 14. Qe1 Bf6 15. Kh1 e5 16. fxe5 Bxe5 17. Bg5 Bf6 18. Qxe7 Bxe7 19. Bxe7 Rde8 20. Bxc5 Re2 21. Rf2 Rhe8 22. Rxe2 Rxe2 23. Nd4 Re5 24. b4 Kb7 25. Bxa7 Bb5 26. Bc5 Ba4 27. Kg1 f4
1-0

[Event "Konnerud Tempo høstturnering 2024 C"]
[Site "Gruppe A"]
[Date "2024.08.14"]
[Round "6"]
[White "Pedersen, Bastian Tangedal"]
[Black "Andersson, Øivind"]
[Result "0-1"]
[WhiteElo "1595"]
[BlackElo "1662"]
[PlyCount "90"]
[GameId "2093787644502050"]
[EventDate "2024.??.??"]

1. e4 c5 2. Nc3 e6 3. g3 Nc6 4. Bg2 Nf6 5. Nf3 d6 6. d4 cxd4 7. Nxd4 Be7 8. Be3 Bd7 9. Ndb5 Bc8 10. Bf4 e5 11. Be3 a6 12. Na3 b5 13. Nd5 Nd7 14. Qg4 O-O 15. Bh6 Bf6 16. Nxf6+ Qxf6 17. Bg5 Qg6 18. h4 h5 19. Qf5 Nd4 20. Qxg6 fxg6 21. Be7 b4 22. Bxf8 bxa3 23. Bxd6 Nxc2+ 24. Kd2 Nxa1 25. Rxa1 Nb6 26. b3 Nd7 27. Rc1 Kf7 28. Bh3 Nf6 29. Rxc8 Rxc8 30. Bxc8 Nxe4+ 31. Ke3 Nxd6 32. Bxa6 Kf6 33. Be2 g5 34. Bxh5 gxh4 35. gxh4 Nf5+ 36. Ke4 Nxh4 37. Kd5 Nf5 38. b4 Nd4 39. f4 Nb3 40. fxe5+ Ke7 41. Bg6 Nc1 42. b5 Nxa2 43. b6 Nb4+ 44. Kc4 a2 45. Kxb4 a1=Q
0-1

[Event "Konnerud Tempo høstturnering 2024 C"]
[Site "Gruppe A"]
[Date "2024.08.14"]
[Round "7"]
[White "Bouchrak, Ismael Labzioui"]
[Black "Hagen, Bjørn Stian"]
[Result "1-0"]
[WhiteElo "1649"]
[BlackElo "1519"]
[PlyCount "29"]
[GameId "2096318523461691"]
[EventDate "2024.??.??"]

1. d4 Nf6 2. Nf3 g6 3. Nc3 Bg7 4. e4 d5 5. e5 Nfd7 6. Nxd5 c5 7. c3 Nc6 8. Be2 e6 9. Nf4 Qb6 10. O-O O-O 11. b3 cxd4 12. cxd4 Rd8 13. Be3 Qc7 14. Qc2 Nxd4 15. Qxc7
1-0

[Event "Konnerud Tempo høstturnering 2024 C"]
[Site "Gruppe A"]
[Date "2024.08.14"]
[Round "8"]
[White "Kierulf, Nåkkve"]
[Black "Løvaas, Roger"]
[Result "1/2-1/2"]
[WhiteElo "1649"]
[BlackElo "1660"]
[PlyCount "61"]
[GameId "2086179945578555"]
[EventDate "2024.??.??"]

1. d4 e6 2. Nc3 Nf6 3. Bf4 d5 4. Nb5 Bd6 5. Nxd6+ cxd6 6. e3 Qb6 7. Rb1 O-O 8. Bd3 Nbd7 9. c3 e5 10. Bg3 exd4 11. exd4 Re8+ 12. Ne2 Nh5 13. O-O Nxg3 14. Nxg3 Nf6 15. Qd2 Bd7 16. Rfe1 Qc6 17. Rxe8+ Rxe8 18. Re1 Ne4 19. Qf4 Nxg3 20. Rxe8+ Bxe8 21. Qxg3 Qd7 22. Qh4 h6 23. Qh5 Qe6 24. Qe2 Qxe2 25. Bxe2 Bd7 26. Bf3 Be6 27. a4 Kf8 28. Kf1 Ke8 29. Ke2 Kd7 30. b4 Kc7 31. a5
1/2-1/2

[Event "Konnerud Tempo høstturnering 2024 C"]
[Site "Gruppe A"]
[Date "2024.08.14"]
[Round "8"]
[White "Hagen, Bjørn Stian"]
[Black "Kristung, Aleksander"]
[Result "0-1"]
[WhiteElo "1519"]
[BlackElo "1615"]
[Annotator "haav-"]
[PlyCount "70"]
[GameId "2098876053696571"]
[EventDate "2024.??.??"]

1. e4 e5 2. Nf3 Nc6 3. Bc4 Nf6 4. Ng5 d5 5. exd5 Na5 6. Bb5+ c6 7. dxc6 Nxc6 8. Bxc6+ bxc6 9. Nc3 Bg4 10. f3 Bh5 11. d3 Bb4 12. Bd2 O-O 13. Qe2 Qb6 14. a3 Bd6 15. Rb1 a5 16. Be3 Qc7 17. Nge4 Nd5 18. Nxd5 cxd5 19. Nxd6 Qxd6 20. O-O e4 21. Qf2 Qc6 22. dxe4 dxe4 23. fxe4 Rfe8 24. c3 Rxe4 25. Rfe1 Bg6 26. Rbd1 Re6 27. Bd4 Be4 28. b4 Rg6 29. g3 h5 30. h4 axb4 31. axb4 Bd5 32. Re5 Ra2 33. Rd2 Rxd2 34. Qxd2 Rxg3+ 35. Kf1 Bc4+
0-1

[Event "Konnerud Tempo høstturnering 2024 C"]
[Site "Gruppe A"]
[Date "2024.08.14"]
[Round "8"]
[White "Asanov, Remzi"]
[Black "Andersson, Øivind"]
[Result "1-0"]
[WhiteElo "1561"]
[BlackElo "1662"]
[Annotator "haav-"]
[PlyCount "101"]
[GameId "2098845282185252"]
[EventDate "2024.??.??"]

1. e4 c5 2. c3 Nc6 3. Nf3 e6 4. d4 cxd4 5. cxd4 d6 6. Nc3 a6 7. Bc4 b5 8. Bb3 Na5 9. O-O Bb7 10. Re1 Be7 11. Bc2 Nf6 12. Qd3 Nc6 13. a3 b4 14. Ne2 h6 15. Bf4 Nd7 16. a4 a5 17. b3 Bf6 18. Rad1 e5 19. Be3 O-O 20. d5 Ne7 21. Ng3 Rc8 22. Qd2 Rc3 23. Ne2 Rc8 24. Rc1 Ba6 25. Bd3 Bxd3 26. Qxd3 Ng6 27. Qd2 Nh4 28. Nxh4 Bxh4 29. Bxh6 gxh6 30. Rxc8 Qg5 31. Rxf8+ Kxf8 32. Qxg5 Bxg5 33. g3 Nc5 34. f4 exf4 35. gxf4 Bd8 36. Nc1 Ke7 37. e5 Bb6 38. Kg2 f6 39. e6 f5 40. Kf3 Ne4 41. Rxe4 fxe4+ 42. Kxe4 Kf6 43. Ne2 Bc7 44. Nd4 Bb8 45. Nc6 Bc7 46. e7 Kf7 47. Kf5 Bb6 48. Kg4 Bc7 49. Kh5 Bb6 50. Kxh6 Be3 51. Kg5
1-0

[Event "Konnerud Tempo høstturnering 2024 C"]
[Site "Gruppe A"]
[Date "2024.08.14"]
[Round "9"]
[White "Løvaas, Roger"]
[Black "Aure, Håvard"]
[Result "1-0"]
[WhiteElo "1660"]
[BlackElo "1607"]
[PlyCount "43"]
[GameId "2098843794317350"]
[EventDate "2024.??.??"]

1. Nf3 Nf6 2. g3 g6 3. Bg2 Bg7 4. O-O O-O 5. d3 d5 6. Nc3 c5 7. e4 dxe4 8. dxe4 Qc7 9. Bf4 Qc6 10. Ne5 Qb6 11. Nc4 Qd8 12. Qxd8 Rxd8 13. Nb5 a6 14. Nb6 axb5 15. Nxa8 Nc6 16. Nc7 b4 17. Rfd1 Bd7 18. e5 Nh5 19. Bxc6 bxc6 20. Na6 Ra8 21. Rxd7 Rxa6 22. Rd8+
1-0

[Event "Konnerud Tempo høstturnering 2024 C"]
[Site "Gruppe A"]
[Date "2024.08.14"]
[Round "9"]
[White "Bouchrak, Ismael Labzioui"]
[Black "Pedersen, Bastian Tangedal"]
[Result "1/2-1/2"]
[WhiteElo "1649"]
[BlackElo "1595"]
[Annotator "haav-"]
[PlyCount "93"]
[GameId "2101404156317776"]
[EventDate "2024.??.??"]

1. d4 Nf6 2. Nf3 d5 3. e3 Bf5 4. Bd3 Bxd3 5. Qxd3 c6 6. Nbd2 Nbd7 7. O-O e6 8. Re1 Be7 9. e4 dxe4 10. Nxe4 O-O 11. c4 c5 12. d5 exd5 13. cxd5 Nxe4 14. Qxe4 Re8 15. Qc2 Nf6 16. Rd1 Qd6 17. Be3 Nxd5 18. Qxc5 Qxc5 19. Bxc5 Bxc5 20. Rxd5 b6 21. Nd4 Rad8 22. Rxd8 Rxd8 23. Nb3 Be7 24. g3 Bf6 25. Rb1 a5 26. a3 a4 27. Na1 Bxb2 28. Nc2 Bd4 29. Nxd4 Rxd4 30. Rxb6 g5 31. Ra6 h5 32. Kf1 h4 33. Ke2 h3 34. Ke3 Rc4 35. Kd2 g4 36. Kd3 Rc1 37. Rxa4 Rh1 38. Rxg4+ Kf8 39. Ke3 Rxh2 40. Rh4 Rh1 41. Kf3 Ra1 42. Rxh3 Rxa3+ 43. Kg4 Kg7 44. f4 Kg6 45. Rh5 Rxg3+ 46. Kxg3 Kxh5 47. Kh3
1/2-1/2